000 02147nab a2200361 a 4500
005 20210219162852.0
008 991125s1985 mx 000 0 spa u
035 _aUPN01000212130
049 _aART-E
100 1 _aSoria Barreto, Karla
100 1 _uksoria@ucn.cl
100 1 _aZuniga Jara, Sergio
100 1 _usz@ucn.cl
100 1 _aRuiz Campo, Sofía
100 1 _usruizcampo@ucn.cl
222 0 _aFORMACION UNIVERSITARIA
245 0 0 _aEducación e intención emprendedora en estudiantes universitarios: Un caso de estudio
260 _aChile
300 _a25-34
362 0 _a2016 Vol. 9, no. 1
520 3 _aSe analiza el efecto que tiene un curso universitario de estudio de experiencias en emprendimiento sobre la Intención Emprendedora (IE) de los estudiantes que tomaron ese curso. La IE es considerada un requisito previo de la decisión de emprender un negocio y el incremento en los estudios sobre la IE refleja la importancia que se le asigna a este concepto. Los participantes pertenecen a una carrera de ciencias empresariales de una universidad chilena. La investigación sigue una metodología disponible en la literatura y que postula que las variables demográficas, la capacidad percibida y la educación para emprender ayudan a explicar la intención de emprender. Los resultados del estudio muestran que, de un modo global, la IE fue afectada negativamente por el curso. Sin embargo, se obtuvo que los estudiantes que experimentaron el mayor cambio en su voluntad de emprender fueron quienes poseían dos características: consideraban tener los conocimientos, habilidades y experiencia para poner en marcha un nuevo negocio y pertenecían a familias de menores ingresos de renta familiar.
653 0 _aEMPRENDIMIENTO
653 0 _aINTENCION EMPRENDEDORA
653 0 _aESTUDIANTE UNIVERSITARIO
653 0 _aCIENCIAS EMPRESARIALES
653 0 _aEMPRENDEDORES
856 4 _uhttp://www.scielo.cl/pdf/formuniv/v9n1/art04.pdf
905 _aArticulo
336 _atexto$2rdacontent
337 _acomputadora$2rdamedia
338 _arecurso en linea$2rdacarrier
999 _c184230
_d184230